000
00243nam a2200097Ia 4500
008
240331s9999 xx 000 0 und d
082
_a
291.082
_b
HYM
100
_a
Logo. ed
245
2
_a
A Hymn to Creation :
_b
Essays in Women And Religion
942
_c
L
999
_c
858
_d
858